[Event "Moscow op-B (Women) 14th"]
[Site "Moscow"]
[Date "2018.02.01"]
[Round "6"]
[White "Gritsayeva, Oksana"]
[Black "Wang, Xinyue"]
[Result "1/2-1/2"]
[WhiteElo "2383"]
[BlackElo "2078"]
[PlyCount "68"]
[EventDate "2018.01.27"]
[EventType "swiss"]
[EventRounds "9"]
[EventCountry "RUS"]
[SourceTitle "CBM 182 Extra"]
[Source "ChessBase"]
[SourceDate "2018.02.23"]
[SourceVersion "1"]
[SourceVersionDate "2018.02.23"]
[SourceQuality "1"]

1. e4 e5 2. Nf3 Nc6 3. Bb5 a6 4. Bxc6 dxc6 5. 0-0 f6 6. d4 exd4 7. Nxd4 c5 8. Ne2 Qxd1 9. Rxd1 Bd7 10. Bf4 0-0-0 11. Nbc3 Ne7 12. Rd2 b6 13. Rad1 g5 14. Bg3 Bg7 15. h4 h6 16. hxg5 hxg5 17. b3 f5 18. exf5 Bxf5 19. f3 Rde8 20. Kf2 g4 21. Re1 gxf3 22. gxf3 Bh6 23. Nf4 Ng6 24. Rxe8+ Rxe8 25. Re2 Rxe2+ 26. Nfxe2 c6 27. Ne4 Kd7 28. a4 Bxe4 29. fxe4 b5 30. Ng1 c4 31. Nf3 cxb3 32. cxb3 c5 33. axb5 axb5 34. Ke2 c4 1/2-1/2

[Event "CHN-chTB"]
[Site "Harbin"]
[Date "2016.07.16"]
[Round "11.3"]
[White "Wang, Xinyue"]
[Black "Ding, Linlin"]
[Result "1/2-1/2"]
[WhiteElo "2115"]
[BlackElo "2199"]
[PlyCount "55"]
[EventDate "2016.07.11"]
[EventType "team-swiss"]
[EventRounds "11"]
[EventCountry "CHN"]
[SourceTitle "CBM 173 Extra"]
[Source "ChessBase"]
[SourceDate "2016.08.29"]
[SourceVersion "1"]
[SourceVersionDate "2016.08.29"]
[SourceQuality "1"]
[WhiteTeam "Qingdao Qingwei"]
[BlackTeam "Hangzhou Chess Assoc"]
[WhiteTeamCountry "CHN"]
[BlackTeamCountry "CHN"]

1. d4 d6 2. c4 Nf6 3. Nc3 g6 4. e4 Bg7 5. Nf3 0-0 6. Be2 e5 7. dxe5 dxe5 8. Qxd8 Rxd8 9. Bg5 Re8 10. Nd5 Nxd5 11. cxd5 c6 12. Bc4 cxd5 13. Bxd5 h6 14. Be3 Nd7 15. Nd2 Nf6 16. Bb3 Be6 17. Bxe6 Rxe6 18. Rc1 Ng4 19. Bc5 Rc6 20. f3 Rac8 21. Nb3 Bf8 22. fxg4 Bxc5 23. Ke2 Bb6 24. Rxc6 Rxc6 25. Rc1 Rf6 26. Rf1 Rc6 27. Rc1 Rf6 28. Rf1 1/2-1/2

[Event "CHN-chT"]
[Site "China"]
[Date "2014.07.27"]
[Round "11.6"]
[White "Wang, Xinyue"]
[Black "Guo, Qi"]
[Result "0-1"]
[WhiteElo "2121"]
[BlackElo "2452"]
[PlyCount "92"]
[EventDate "2014.04.12"]
[EventType "team-tourn"]
[EventRounds "22"]
[EventCountry "CHN"]
[SourceTitle "EXT 2015"]
[Source "ChessBase"]
[SourceDate "2014.11.20"]
[SourceVersion "1"]
[SourceVersionDate "2014.11.20"]
[SourceQuality "1"]
[WhiteTeam "Qingdao Exp School"]
[BlackTeam "Jiangsu"]
[WhiteTeamCountry "CHN"]
[BlackTeamCountry "CHN"]

1. d4 d5 2. c4 e6 3. Nc3 Bb4 4. Qc2 Nf6 5. a3 Bxc3+ 6. Qxc3 0-0 7. Bg5 dxc4 8. Qxc4 b6 9. Nf3 Ba6 10. Qa4 h6 11. Bh4 Qd7 12. Qxd7 Nbxd7 13. e3 Bxf1 14. Kxf1 c5 15. Ke2 Rfc8 16. Rac1 g5 17. Bg3 g4 18. Ne5 cxd4 19. Nc6 d3+ 20. Kxd3 Kg7 21. Ke2 Ne4 22. b4 b5 23. f3 Nxg3+ 24. hxg3 Nb6 25. Rc5 Nd7 26. Rcc1 a6 27. e4 Rc7 28. Ne7 Rb7 29. Nc8 Ne5 30. Nd6 Rd7 31. Rhd1 Rad8 32. f4 Rxd6 33. Rxd6 Rxd6 34. fxe5 Rd7 35. Rc6 Ra7 36. Rb6 h5 37. Ke3 a5 38. Rxb5 axb4 39. axb4 Ra2 40. Kf4 Kg6 41. Rb8 Rf2+ 42. Ke3 Rxg2 43. b5 Rxg3+ 44. Kf2 Rf3+ 45. Kg2 Rb3 46. b6 Kg7 0-1

[Event "Bangkok op 14th"]
[Site "Bangkok"]
[Date "2014.04.13"]
[Round "3"]
[White "Wang, Xinyue"]
[Black "Atthaworadej, Worasuda"]
[Result "0-1"]
[WhiteElo "2121"]
[BlackElo "1743"]
[PlyCount "100"]
[EventDate "2014.04.12"]
[EventType "swiss"]
[EventRounds "9"]
[EventCountry "THA"]
[SourceTitle "CBM 159 Extra"]
[Source "ChessBase"]
[SourceDate "2014.04.24"]
[SourceVersion "1"]
[SourceVersionDate "2014.04.24"]
[SourceQuality "1"]

1. d4 Nf6 2. c4 g6 3. Nc3 d5 4. cxd5 Nxd5 5. e4 Nxc3 6. bxc3 Bg7 7. Be3 c5 8. Rc1 0-0 9. Qd2 cxd4 10. cxd4 b6 11. Bc4 Bb7 12. f3 e6 13. Ne2 Nc6 14. a4 Na5 15. Ba2 Rc8 16. 0-0 Qd7 17. Qb4 Ba6 18. Rfe1 Rxc1 19. Nxc1 Nc6 20. Qd2 Bxd4 21. Kh1 Qd8 22. Ne2 Bxe3 23. Qxe3 Nb4 24. Bb1 Qd7 25. Nc3 Rd8 26. h4 Qd2 27. Qxd2 Rxd2 28. Rd1 Rxd1+ 29. Nxd1 Bc4 30. Kg1 Kf8 31. Kf2 Ke7 32. Ke3 e5 33. Kd2 Nc6 34. Kc3 Be6 35. Ne3 Kd6 36. Nd1 Kc5 37. Nf2 b5 38. Nd3+ Kb6 39. Bc2 a6 40. g3 f5 41. axb5 axb5 42. Bd1 Bc4 43. Nb4 Nxb4 44. Kxb4 Bd3 45. Kc3 fxe4 46. f4 exf4 47. gxf4 Kc5 48. h5 b4+ 49. Kd2 Kd4 50. Bb3 e3+ 0-1

[Event "Zhongshan zt (Women)"]
[Site "Zhongshan"]
[Date "2013.11.08"]
[Round "11"]
[White "Wang, Xinyue"]
[Black "Tan, Zhongyi"]
[Result "0-1"]
[WhiteElo "2126"]
[BlackElo "2490"]
[PlyCount "74"]
[EventDate "2013.10.29"]
[EventType "swiss"]
[EventRounds "11"]
[EventCountry "CHN"]
[SourceTitle "EXT 2014"]
[Source "ChessBase"]
[SourceDate "2013.11.20"]
[SourceVersion "1"]
[SourceVersionDate "2013.11.20"]
[SourceQuality "1"]

1. d4 d5 2. Nc3 Nf6 3. Bg5 Bf5 4. Bxf6 exf6 5. e3 c6 6. Bd3 Be6 7. Nf3 Nd7 8. 0-0 f5 9. Ne2 Bd6 10. b3 0-0 11. c4 Nf6 12. Nf4 Ne4 13. c5 Bc7 14. h4 Qf6 15. g3 Rae8 16. Kg2 Bc8 17. b4 a6 18. a4 h6 19. Rh1 g5 20. hxg5 hxg5 21. Rh5 gxf4 22. Bxe4 fxe4 23. Rg5+ Qxg5 24. Nxg5 f3+ 25. Nxf3 Bg4 26. Qc2 Bxf3+ 27. Kf1 Kg7 28. Ke1 Rh8 29. Kd2 Rh2 30. Kc3 Re6 31. Rg1 Bg4 32. b5 Ba5+ 33. Kb3 Rf6 34. bxa6 bxa6 35. Qb1 Rfxf2 36. Rf1 Rxf1 37. Qxf1 Be2 0-1

[Event "Zhongshan zt (Women)"]
[Site "Zhongshan"]
[Date "2013.11.01"]
[Round "4"]
[White "Wang, Xinyue"]
[Black "Wang, Jue"]
[Result "0-1"]
[WhiteElo "2126"]
[BlackElo "2382"]
[PlyCount "104"]
[EventDate "2013.10.29"]
[EventType "swiss"]
[EventRounds "11"]
[EventCountry "CHN"]
[SourceTitle "EXT 2014"]
[Source "ChessBase"]
[SourceDate "2013.11.20"]
[SourceVersion "1"]
[SourceVersionDate "2013.11.20"]
[SourceQuality "1"]

1. d4 Nf6 2. c4 e6 3. Nc3 c5 4. d5 exd5 5. cxd5 d6 6. Nf3 g6 7. Bf4 Bg7 8. h3 0-0 9. e3 Na6 10. Bxa6 bxa6 11. Nd2 Rb8 12. Nc4 Ne8 13. 0-0 Rb4 14. Qe2 a5 15. a3 Rb8 16. Rfb1 Ba6 17. a4 Nc7 18. Qd3 Rb4 19. b3 Bxc3 20. Qxc3 Nxd5 21. Qc2 Nxf4 22. exf4 Bxc4 23. bxc4 Qf6 24. f5 Re8 25. Ra3 Re5 26. fxg6 hxg6 27. Rd1 Qe6 28. Qd2 Rxc4 29. Qxd6 Re1+ 30. Kh2 Rxd1 31. Qxd1 Qe5+ 32. Rg3 Rd4 33. Qb3 Kg7 34. Qb5 Qc7 35. Qb2 Kh7 36. Qc2 Qc6 37. Rf3 Qd6+ 38. g3 Qd5 39. Qb3 c4 40. Qc3 Rd3 41. Rxd3 cxd3 42. Qd2 Qd4 43. Kg2 Qxa4 44. Qxd3 Qc6+ 45. Kh2 Qc5 46. Qf3 Kg7 47. Qf4 a4 48. h4 a3 49. h5 Qxh5+ 50. Kg2 Qd5+ 51. Kh2 a2 52. Qc1 Qd4 0-1

[Event "Zhongshan zt (Women)"]
[Site "Zhongshan"]
[Date "2013.10.30"]
[Round "2"]
[White "Wang, Xinyue"]
[Black "Lei, Tingjie"]
[Result "0-1"]
[WhiteElo "2126"]
[BlackElo "2320"]
[PlyCount "84"]
[EventDate "2013.10.29"]
[EventType "swiss"]
[EventRounds "11"]
[EventCountry "CHN"]
[SourceTitle "EXT 2014"]
[Source "ChessBase"]
[SourceDate "2013.11.20"]
[SourceVersion "1"]
[SourceVersionDate "2013.11.20"]
[SourceQuality "1"]

1. d4 Nf6 2. c4 g6 3. Nc3 d5 4. cxd5 Nxd5 5. e4 Nxc3 6. bxc3 Bg7 7. Be3 c5 8. Qd2 Qa5 9. Rc1 cxd4 10. cxd4 Qxd2+ 11. Bxd2 0-0 12. Nf3 Bg4 13. Be3 Nc6 14. d5 Nb4 15. Bd2 a5 16. a3 Na6 17. Bxa6 Rxa6 18. Rc7 e6 19. d6 Rxd6 20. Bxa5 Ra8 21. Bb4 Rc6 22. Rxc6 bxc6 23. Nd2 c5 24. Bxc5 Rc8 25. f3 Rxc5 26. Ke2 Bxf3+ 27. gxf3 Rc2 28. Rb1 Bh6 29. Rb8+ Kg7 30. Rd8 Bf4 31. h3 Ra2 32. Rd3 Kf6 33. Ke1 Kg5 34. Nc4 f5 35. Rd7 h5 36. e5 Kh4 37. Re7 Kg3 38. Rxe6 Rc2 39. Rc6 Kxf3 40. Na5 Re2+ 41. Kd1 Rd2+ 42. Ke1 Rd3 0-1

[Event "Kecskemet Caissa IM 06"]
[Site "Kecskemet"]
[Date "2012.06.22"]
[Round "9"]
[White "Wang, Xinyue"]
[Black "Vamos, Viktor"]
[Result "1/2-1/2"]
[WhiteElo "2041"]
[BlackElo "2232"]
[PlyCount "54"]
[EventDate "2012.06.16"]
[EventType "tourn"]
[EventRounds "11"]
[EventCountry "HUN"]
[SourceTitle "EXT 2013"]
[Source "ChessBase"]
[SourceDate "2012.11.22"]
[SourceVersion "1"]
[SourceVersionDate "2012.11.22"]
[SourceQuality "1"]

1. Nf3 Nc6 2. d4 e6 3. c4 Bb4+ 4. Bd2 Bxd2+ 5. Qxd2 Nf6 6. Nc3 0-0 7. e4 d6 8. Rd1 Re8 9. Qe3 e5 10. dxe5 Nxe5 11. Nxe5 Rxe5 12. Bd3 Nxe4 13. Nxe4 f5 14. f4 Re7 15. 0-0 fxe4 16. Bxe4 Bf5 17. Bd5+ Kh8 18. Qd2 c6 19. Bf3 Qb6+ 20. Kh1 Rd8 21. Rfe1 Qc7 22. Rxe7 Qxe7 23. Re1 Qf6 24. Qe3 h6 25. b3 a6 26. Qe7 Qxe7 27. Rxe7 Bd7 1/2-1/2

[Event "Kecskemet Caissa IM 06"]
[Site "Kecskemet"]
[Date "2012.06.20"]
[Round "6"]
[White "Kojima, Shinya"]
[Black "Wang, Xinyue"]
[Result "1-0"]
[WhiteElo "2264"]
[BlackElo "2041"]
[PlyCount "61"]
[EventDate "2012.06.16"]
[EventType "tourn"]
[EventRounds "11"]
[EventCountry "HUN"]
[SourceTitle "EXT 2013"]
[Source "ChessBase"]
[SourceDate "2012.11.22"]
[SourceVersion "1"]
[SourceVersionDate "2012.11.22"]
[SourceQuality "1"]

1. d4 d5 2. c4 c6 3. Nf3 Nf6 4. Nc3 e6 5. e3 Nbd7 6. Qc2 Bd6 7. b3 0-0 8. Be2 b6 9. 0-0 Bb7 10. Bb2 Rc8 11. Rac1 Qe7 12. Rfd1 Rfe8 13. Bf1 c5 14. cxd5 Nxd5 15. Nxd5 Bxd5 16. e4 Bb7 17. d5 Bf4 18. Qc3 Nf6 19. d6 Qd7 20. Ne5 Bxe5 21. Qxe5 Bxe4 22. Qg5 h6 23. Qf4 e5 24. Bxe5 Ng4 25. Bb2 Bc6 26. Bd3 g5 27. Qf5 f6 28. Qg6+ Qg7 29. Qxg7+ Kxg7 30. Bf5 Ne5 31. Bxe5 1-0

[Event "Budapest FS06 IM-A"]
[Site "Budapest"]
[Date "2012.06.08"]
[Round "6"]
[White "Wang, Xinyue"]
[Black "Kojima, Shinya"]
[Result "0-1"]
[WhiteElo "2041"]
[BlackElo "2264"]
[PlyCount "38"]
[EventDate "2012.06.02"]
[EventType "tourn"]
[EventRounds "10"]
[EventCountry "HUN"]
[SourceTitle "CBM 148 Extra"]
[Source "ChessBase"]
[SourceDate "2012.06.22"]
[SourceVersion "1"]
[SourceVersionDate "2012.06.22"]
[SourceQuality "1"]

1. Nf3 Nf6 2. g3 d5 3. Bg2 c6 4. 0-0 Bg4 5. d3 Nbd7 6. Nbd2 e5 7. h3 Bh5 8. g4 Bg6 9. Nh4 Bc5 10. Nxg6 hxg6 11. c4 dxc4 12. dxc4 Nxg4 13. hxg4 Qh4 14. Nf3 Qxg4 15. e4 Rh5 16. a3 0-0-0 17. b4 Rdh8 18. Nh2 Qh4 19. Ng4 Qg3 0-1

[Event "Budapest FS06 IM-A"]
[Site "Budapest"]
[Date "2012.06.05"]
[Round "4"]
[White "Wang, Doudou"]
[Black "Wang, Xinyue"]
[Result "1/2-1/2"]
[WhiteElo "2130"]
[BlackElo "2041"]
[PlyCount "44"]
[EventDate "2012.06.02"]
[EventType "tourn"]
[EventRounds "10"]
[EventCountry "HUN"]
[SourceTitle "CBM 148 Extra"]
[Source "ChessBase"]
[SourceDate "2012.06.22"]
[SourceVersion "1"]
[SourceVersionDate "2012.06.22"]
[SourceQuality "1"]

1. d4 d5 2. c4 c6 3. Nf3 Nf6 4. Nc3 e6 5. e3 Nbd7 6. Qc2 Bd6 7. Bd3 0-0 8. 0-0 dxc4 9. Bxc4 b5 10. Bd3 Bb7 11. Rd1 Qe7 12. e4 e5 13. Ne2 c5 14. Ng3 g6 15. dxe5 Nxe5 16. Bxb5 a6 17. Bf1 Neg4 18. h3 Bxg3 19. fxg3 Ne5 20. Qc3 Rfe8 21. Bf4 Ned7 22. Rac1 Rac8 1/2-1/2

[Event "Kecskemet Caissa IM 05"]
[Site "Kecskemet"]
[Date "2012.05.26"]
[Round "8"]
[White "Galyas, Miklos"]
[Black "Wang, Xinyue"]
[Result "1-0"]
[WhiteElo "2403"]
[BlackElo "2041"]
[PlyCount "75"]
[EventDate "2012.05.19"]
[EventType "tourn"]
[EventRounds "9"]
[EventCountry "HUN"]
[SourceTitle "CBM 148 Extra"]
[Source "ChessBase"]
[SourceDate "2012.06.22"]
[SourceVersion "1"]
[SourceVersionDate "2012.06.22"]
[SourceQuality "1"]

1. Nf3 d5 2. g3 g6 3. Bg2 Bg7 4. 0-0 c6 5. c4 Nf6 6. cxd5 cxd5 7. d4 Nc6 8. Nc3 0-0 9. Ne5 Bf5 10. Nxc6 bxc6 11. e3 Qd6 12. b3 Qe6 13. Na4 Bh3 14. Nc5 Qf5 15. Bb2 Bxg2 16. Kxg2 Ne4 17. Rc1 Rfc8 18. Qc2 e6 19. f3 Nxc5 20. Qxf5 exf5 21. Rxc5 Bf8 22. Ra5 Bb4 23. Ra6 c5 24. a3 Bd2 25. dxc5 Bxe3 26. b4 d4 27. Rd1 Rd8 28. Rd3 Rd5 29. f4 Kf8 30. a4 Ke7 31. b5 Kd7 32. Ba3 h6 33. b6 Kc6 34. Rb3 Kb7 35. c6+ Kxa6 36. b7 Rb8 37. c7 Rdd8 38. cxd8Q 1-0

[Event "Kecskemet Caissa IM 05"]
[Site "Kecskemet"]
[Date "2012.05.23"]
[Round "5"]
[White "Wang, Xinyue"]
[Black "Vamos, Viktor"]
[Result "0-1"]
[WhiteElo "2041"]
[BlackElo "2232"]
[PlyCount "66"]
[EventDate "2012.05.19"]
[EventType "tourn"]
[EventRounds "9"]
[EventCountry "HUN"]
[SourceTitle "CBM 148 Extra"]
[Source "ChessBase"]
[SourceDate "2012.06.22"]
[SourceVersion "1"]
[SourceVersionDate "2012.06.22"]
[SourceQuality "1"]

1. Nf3 Nc6 2. d4 e6 3. c4 Bb4+ 4. Bd2 Bxd2+ 5. Qxd2 Nf6 6. Nc3 0-0 7. e4 d6 8. Be2 e5 9. d5 Ne7 10. 0-0 Ng6 11. Rfc1 Ne8 12. b4 Nh4 13. c5 Nxf3+ 14. Bxf3 f5 15. exf5 Bxf5 16. Be4 Bxe4 17. Nxe4 Rf4 18. Rc4 Nf6 19. Nxf6+ Qxf6 20. Rac1 Rf8 21. f3 Rf7 22. Qe3 a6 23. a4 Qg6 24. Kf1 e4 25. cxd6 Rxf3+ 26. gxf3 Rxf3+ 27. Qf2 Rxf2+ 28. Kxf2 Qxd6 29. Rxe4 Qxd5 30. Rcc4 h6 31. a5 Kh7 32. Red4 Qe5 33. Re4 Qxh2+ 0-1

[Event "Budapest FS05 IM"]
[Site "Budapest"]
[Date "2012.05.15"]
[Round "11"]
[White "Kojima, Shinya"]
[Black "Wang, Xinyue"]
[Result "1-0"]
[WhiteElo "2264"]
[BlackElo "2041"]
[PlyCount "67"]
[EventDate "2012.05.05"]
[EventType "tourn"]
[EventRounds "11"]
[EventCountry "HUN"]
[EventCategory "1"]
[SourceTitle "CBM 148 Extra"]
[Source "ChessBase"]
[SourceDate "2012.06.22"]
[SourceVersion "1"]
[SourceVersionDate "2012.06.22"]
[SourceQuality "1"]

1. Nf3 d5 2. d4 Nf6 3. c4 c6 4. Nc3 e6 5. e3 Nbd7 6. Qc2 Bd6 7. Bd3 dxc4 8. Bxc4 b5 9. Bd3 Bb7 10. 0-0 0-0 11. Ng5 h6 12. Nge4 Nxe4 13. Nxe4 Be7 14. Rd1 Qb6 15. a3 c5 16. Nxc5 Nxc5 17. dxc5 Qc6 18. f3 Bxc5 19. b4 Bb6 20. Qe2 Rfd8 21. Bb2 a6 22. Rac1 Qe8 23. Bb1 Qe7 24. Kf1 e5 25. e4 Qg5 26. Ba2 Be3 27. h4 Qf4 28. g3 Qxg3 29. Qxe3 Rxd1+ 30. Rxd1 Bc8 31. Ke2 a5 32. Rg1 Qxh4 33. Bxe5 g5 34. Qb6 1-0

[Event "Budapest FS05 IM"]
[Site "Budapest"]
[Date "2012.05.09"]
[Round "5"]
[White "Wang, Xinyue"]
[Black "Gledura, Benjamin"]
[Result "1-0"]
[WhiteElo "2041"]
[BlackElo "2312"]
[PlyCount "115"]
[EventDate "2012.05.05"]
[EventType "tourn"]
[EventRounds "11"]
[EventCountry "HUN"]
[EventCategory "1"]
[SourceTitle "CBM 148 Extra"]
[Source "ChessBase"]
[SourceDate "2012.06.22"]
[SourceVersion "1"]
[SourceVersionDate "2012.06.22"]
[SourceQuality "1"]

1. d4 Nf6 2. c4 g6 3. Nc3 d5 4. cxd5 Nxd5 5. Bd2 Bg7 6. Nf3 0-0 7. e3 c5 8. Qb3 Nxc3 9. Bxc3 Nd7 10. d5 Nf6 11. Rd1 b6 12. Bc4 Bg4 13. Be2 a6 14. a4 Bxf3 15. Bxf3 Qd6 16. e4 Nd7 17. Bxg7 Kxg7 18. 0-0 Kg8 19. Be2 f5 20. exf5 gxf5 21. Rfe1 Rf6 22. Bf3 Nf8 23. Rxe7 Qxe7 24. d6+ Qf7 25. Bd5 Re6 26. Qg3+ Qg6 27. Bxa8 Qxg3 28. fxg3 Re8 29. Bb7 a5 30. Kf2 Kg7 31. d7 Rd8 32. Bc8 Kf7 33. Ke3 Ke6 34. Kf4 Ng6+ 35. Kg5 Ne7 36. Ba6 Rxd7 37. Rxd7 Kxd7 38. Kf6 Kd6 39. h4 Nd5+ 40. Kxf5 c4 41. Ke4 Kc5 42. g4 c3 43. bxc3 Nxc3+ 44. Ke5 Nxa4 45. g5 Nc3 46. h5 Nd5 47. g6 h6 48. g7 Ne7 49. Ke6 Ng8 50. Kf7 a4 51. Bc8 Kd6 52. Be6 Ne7 53. Bc4 a3 54. g4 b5 55. Ba2 b4 56. g5 hxg5 57. h6 Nf5 58. h7 1-0

[Event "Budapest FS04 FM-A"]
[Site "Budapest"]
[Date "2012.04.15"]
[Round "9"]
[White "Havaskori, Laszlo"]
[Black "Wang, Xinyue"]
[Result "0-1"]
[WhiteElo "1977"]
[BlackElo "1954"]
[PlyCount "71"]
[EventDate "2012.04.07"]
[EventType "tourn"]
[EventRounds "10"]
[EventCountry "HUN"]
[SourceTitle "CBM 147 Extra"]
[Source "ChessBase"]
[SourceDate "2012.04.24"]
[SourceVersion "1"]
[SourceVersionDate "2012.04.24"]
[SourceQuality "1"]

1. d4 d5 2. Nf3 Nf6 3. c4 c6 4. e3 Bf5 5. Nc3 e6 6. cxd5 exd5 7. Bd3 Bxd3 8. Qxd3 Bd6 9. 0-0 0-0 10. e4 Nxe4 11. Nxe4 dxe4 12. Qxe4 Nd7 13. Bg5 Re8 14. Qh4 f6 15. Bd2 Nb6 16. Ba5 Qd7 17. Bxb6 axb6 18. a3 Re2 19. Rab1 Qf5 20. d5 Re4 21. Qh3 Qxh3 22. gxh3 cxd5 23. Rfd1 Rd8 24. Kg2 Be5 25. Rd3 Kf7 26. b3 Ke6 27. Rc1 Rd7 28. Rc8 Kf7 29. Rh8 h6 30. Rc8 Bc7 31. Nd4 Re8 32. Rxe8 Kxe8 33. Nb5 Be5 34. h4 h5 35. h3 Ke7 36. Kf3 0-1

[Event "Budapest Spring op 28th"]
[Site "Budapest"]
[Date "2012.04.03"]
[Round "9"]
[White "Wang, Xinyue"]
[Black "Kearns, Christopher"]
[Result "1-0"]
[WhiteElo "1954"]
[BlackElo "2079"]
[PlyCount "83"]
[EventDate "2012.03.26"]
[EventType "swiss"]
[EventRounds "9"]
[EventCountry "HUN"]
[SourceTitle "CBM 147 Extra"]
[Source "ChessBase"]
[SourceDate "2012.04.24"]
[SourceVersion "1"]
[SourceVersionDate "2012.04.24"]
[SourceQuality "1"]

1. d4 Nf6 2. c4 e6 3. Nf3 b6 4. g3 Ba6 5. b3 Bb7 6. Bg2 Bb4+ 7. Bd2 c5 8. 0-0 0-0 9. Bxb4 cxb4 10. Nbd2 d6 11. Qc2 Qc7 12. e4 e5 13. a3 bxa3 14. Rxa3 a5 15. d5 Na6 16. Ne1 Nd7 17. Nb1 Nb4 18. Qd2 Rae8 19. Nc3 Nc5 20. Nc2 Ba6 21. Kh1 Nxb3 22. Rxb3 Bxc4 23. Nxb4 axb4 24. Rxb4 Bxf1 25. Bxf1 Ra8 26. Rc4 Qd8 27. Rc6 Qf6 28. Kg2 Qg6 29. Bd3 Rab8 30. Nb5 Rfd8 31. Qb4 Qg4 32. Nxd6 g6 33. Rxb6 Ra8 34. Rb7 Rf8 35. Rxf7 Rab8 36. Qc5 Qd1 37. Qc7 Rxf7 38. Qxf7+ Kh8 39. Qf6+ Kg8 40. Qe6+ Kg7 41. Qxe5+ Kg8 42. Nf5 1-0

[Event "Budapest Spring op 28th"]
[Site "Budapest"]
[Date "2012.04.02"]
[Round "8"]
[White "Boguszlavszkij, Jevgenyij"]
[Black "Wang, Xinyue"]
[Result "1-0"]
[WhiteElo "2238"]
[BlackElo "1954"]
[PlyCount "25"]
[EventDate "2012.03.26"]
[EventType "swiss"]
[EventRounds "9"]
[EventCountry "HUN"]
[SourceTitle "CBM 147 Extra"]
[Source "ChessBase"]
[SourceDate "2012.04.24"]
[SourceVersion "1"]
[SourceVersionDate "2012.04.24"]
[SourceQuality "1"]

1. d4 d5 2. Nc3 Nf6 3. Bf4 c5 4. e4 Nxe4 5. Nxe4 dxe4 6. d5 Nd7 7. Ne2 g6 8. Nc3 Bg7 9. Qd2 f5 10. Nb5 Ne5 11. d6 0-0 12. Bxe5 Bxe5 13. Qd5+ 1-0

[Event "Budapest Spring op 28th"]
[Site "Budapest"]
[Date "2012.04.01"]
[Round "7"]
[White "Wang, Xinyue"]
[Black "Juhasz, Armin"]
[Result "1/2-1/2"]
[WhiteElo "1954"]
[BlackElo "2184"]
[PlyCount "106"]
[EventDate "2012.03.26"]
[EventType "swiss"]
[EventRounds "9"]
[EventCountry "HUN"]
[SourceTitle "CBM 147 Extra"]
[Source "ChessBase"]
[SourceDate "2012.04.24"]
[SourceVersion "1"]
[SourceVersionDate "2012.04.24"]
[SourceQuality "1"]

1. d4 d5 2. c4 dxc4 3. e4 b5 4. a4 c6 5. b3 e5 6. dxe5 Qxd1+ 7. Kxd1 cxb3 8. axb5 cxb5 9. Nd2 Bd7 10. Nxb3 Bb4 11. Bb2 Ne7 12. Ne2 0-0 13. Bc3 Nbc6 14. Bxb4 Nxb4 15. Ned4 Rfd8 16. Kc1 a6 17. Kb2 Nec6 18. f4 Nxd4 19. Nxd4 Nc6 20. Nc2 a5 21. Be2 b4 22. Rhd1 a4 23. f5 a3+ 24. Ka2 b3+ 25. Kxb3 Rdb8+ 26. Kc3 Nxe5 27. Rxa3 Rc8+ 28. Kd4 Ba4 29. Kxe5 Bxc2 30. Rxa8 Rxa8 31. Rd4 Re8+ 32. Kf4 f6 33. Bc4+ Kf8 34. Be6 g5+ 35. Kg4 Re7 36. Rd8+ Kg7 37. Kh5 h6 38. Rg8+ Kh7 39. Rf8 Kg7 40. Rc8 Bxe4 41. g4 Kh7 42. h4 Bd3 43. hxg5 hxg5 44. Rf8 Kg7 45. Rg8+ Kh7 46. Rg6 Rxe6 47. Rh6+ Kg7 48. fxe6 Bc2 49. e7 Ba4 50. Rg6+ Kf7 51. Kh6 Kxe7 52. Kg7 Bd1 53. Rxf6 Bxg4 1/2-1/2

[Event "Budapest Spring op 28th"]
[Site "Budapest"]
[Date "2012.03.30"]
[Round "5"]
[White "Bodrogi, Mihaly"]
[Black "Wang, Xinyue"]
[Result "0-1"]
[WhiteElo "2057"]
[BlackElo "1954"]
[PlyCount "92"]
[EventDate "2012.03.26"]
[EventType "swiss"]
[EventRounds "9"]
[EventCountry "HUN"]
[SourceTitle "CBM 147 Extra"]
[Source "ChessBase"]
[SourceDate "2012.04.24"]
[SourceVersion "1"]
[SourceVersionDate "2012.04.24"]
[SourceQuality "1"]

1. e4 e5 2. Nf3 Nc6 3. Bc4 Bc5 4. b4 Bxb4 5. c3 Be7 6. d4 Nf6 7. dxe5 Ng4 8. Qd5 Rf8 9. h3 Nh6 10. Bxh6 gxh6 11. 0-0 d6 12. exd6 Qxd6 13. Qxd6 Bxd6 14. e5 Be7 15. Nbd2 Bf5 16. Bb5 Bd7 17. Bd3 0-0-0 18. Bxh7 f6 19. e6 Bxe6 20. Rfe1 Bd7 21. Be4 Ne5 22. Rab1 c6 23. Nxe5 fxe5 24. Nf3 Bc5 25. Re2 Bf5 26. Bxf5+ Rxf5 27. Kf1 Rd3 28. Rc1 Kc7 29. Nxe5 Rd8 30. Ng4 h5 31. Re5 Rxe5 32. Nxe5 Rd2 33. f4 Rf2+ 34. Ke1 Rxg2 35. Nd3 Be3 36. Rd1 Rxa2 37. f5 Bg5 38. Nc5 Bh4+ 39. Kf1 Rf2+ 40. Kg1 Rxf5 41. Ne6+ Kb6 42. c4 a5 43. Rb1+ Ka6 44. Nc7+ Ka7 45. Ne8 Re5 46. Nd6 Re1+ 0-1